000 01372cad a22002175a 4500
001 L138609
008 070626s20070621xxk f f000 0 eng d
020 _a9780755966592
035 _a(Sirsi) u138609
041 0 _aeng
050 0 4 _a333.33 $2 18
110 1 _aScotland
_bScottish Executive
_94769
245 0 0 _aEconomic discussion paper
_bScottish housing market review
_bevidence and analysis 2007
_h[electronic resource]
260 _aEdinburgh
_bScottish Executive
_c2007
520 _aPresents data on recent market trends and affordability. Analyses supply and demand, particularly the role of changes in the credit market and the responsiveness of the housing market to higher prices. Although the market showed greater responsiveness in 2004, signs are that this advantage is deteriorating. The high proportion of new build is also faltering, with house prices 72% higher in 2006 than in 2002 and new build increasing by only 2%. The increase in prices has therefore not been met by a similar rise in housing stock. 30% of working households in Edinburgh cannot afford the cheapest properties.
590 _aKA
651 4 _aScotland
_y1999-
690 _aPROPERTY-RESIDENTIAL PROPERTY-RESIDENTIAL PROPERTY MARKET
856 4 0 _uhttps://www.scotland.gov.uk/Publications/2007/06/20154930/0
_zView the item free of charge at www.scotland.gov.uk...
942 _n0
999 _c107214
_d107214